000 00314nam a22001457a 4500
020 _a0-7214-0909-1
082 _a823
_bMCC/T
100 _aMCCULLAGH, SHEILA
245 _aTIM CATCHAMOUSE
_bPUDDLE LANE
250 _a1
260 _aUK
_bLADYBIRD
300 _a43
650 _aENGLISH SHORT STORY
_zUK
942 _cBK
999 _c4193
_d4193